000 00437nam a22001817a 4500
003 LK-CoDNM
005 20250120151434.0
008 241220b |||||||| |||| 00| 0 eng d
040 _aLK-CoDNM
_dLK-CoDNM
_eLK-CoDNM
041 _aeng
080 _a11
_bW35
100 _aDANDY,JE
245 _aLIST OF BRITISH VASCULAR PLANTS
260 _c1958
_aLONDON
300 _aIX,176P. : ill ; 25 cm
650 _ascience
942 _cBK
999 _c237077
_d237077